000 00451nam a2200157Ia 4500
008 220216s9999 xx 000 0 und d
100 _aJohnson Lili L
245 0 _aAtomic force microscopy (AFM) for rubber (2008 reviews)
260 _bRubber Chemistry and Technology
_c2008
300 _a359-383
500 _aSource Year: 2008
650 _aAFM
650 _aElectrostatic force microscopy
650 _aMagnetic force microscopy
942 _cJS
999 _c54585
_d54585